000 00905 a2200217 4500
999 _c3164
_d3164
020 _a9781412971898 (pbk.)
020 _a1412971896 (pbk.)
050 0 0 _aQ180.55 FIN 2009
100 1 _aFink, Arlene.
_eauthor
245 1 0 _aConducting research literature reviews :
_bfrom the Internet to paper /
_cArlene Fink.
250 _a3rd ed.
264 _aLondon :
_bSage Publication
_c2009
300 _axvii, 253 p. :
_bill. ;
500 _aIncludes bibliographical references and indexes.
504 _aIncludes bibliographical references and indexes.
650 0 _aResearch
_xMethodology.
650 0 _aResearch
_xEvaluation.
650 0 _aBibliography
_xMethodology.
942 _2lcc
_cBK
_e3rd
_h180.55
_iFIN
_kQ